| 000 | 008830am a2200253 004500 | ||
|---|---|---|---|
| 003 | EG-GiCUC | ||
| 008 | 070123s1992 ua f 000 0 ara d | ||
| 020 | _a97757898345 | ||
| 040 |
_aEG-GiCUC _bara _cEG-GiCUC |
||
| 050 | 4 |
_aPJ7545 _bN2 1992 |
|
| 092 | 0 | 4 |
_a811.1 _bN162 _221 |
| 099 |
_a04 _a811.1 N162 |
||
| 100 | 1 | _aالنجار : احمد محمد | |
| 245 | 1 | 0 |
_aاساليب الصناعة فى الشعر الجاهلى / _cاحمد محمد النجار |
| 250 | _aط1 | ||
| 260 |
_aالقاهرة : _bالصدر لخدمات الطباعة : _c1992 |
||
| 300 |
_a425ص ؛ _c24سم |
||
| 504 | _aيشتمل على ارجاعات ببليوجرافية (ص429-431) | ||
| 650 | 7 |
_aالشعر العربى _xتاريخ _yالعصر الجاهلى _2qrmak |
|
| 902 | _a2 | ||
| 905 |
_aابراهيم _eمدخل |
||
| 905 |
_aايمان ع _eمراجع |
||
| 942 |
_2ddc _cBK |
||
| 999 |
_c91698 _d91698 |
||